01449nam a2200265 a 450000100100000000500170001000800410002704000250006808200210009310000400011424501450015424600970029926000450039630000360044150000630047759000270054065000570056765100680062470000590069291000370075195201190078895201250090795201340103299900170116600002089820240304185510.0100823s2007 dr ac r 000 0 spa d aDO-SdBNPbspacBNPHU a324.97293bB585a1 aBidó, Angel Maríad1957-94380110a44 años de elecciones democráticas en la República Dominicana 1962-2006 /cAngel María Bidó ; prólogo José A. Silié Gatón.13aCuarenta y cuatro años de elecciones democráticas en la República Dominicana 1962-2006 aSanto Domingo :bImpresos Vargas,c2007. a206 p. :bil., retrs. ;c22 cm. aIncluye datos biográficos del autor en la contracubierta aInventariado, 2019/MFF 4aEleccioneszRepública Dominicanay1962-2006943802 4aRepública DominicanaxPolítica Y Gobiernoy1962-20069438031 a Silié Gatón, José A., d1920-2014epról.9747 aValidado. Control de calidad MFF 0010718PDaPDbPDcHDd2010-08-23iLF1l0o324.97293 B585ap20898-10r2020-06-25w2020-06-25yLFPDZNo se presta 0010718PDaPDbPDcHDd2018-03-20iLF1l0o324.97293 B585ap20898-20r2020-06-25te. 2w2020-06-25yLFPDZNo se presta 001054708DSaPDbPDcHDd2018-03-20iLF1l0o324.97293 B585ap20898-30r2020-06-25te. 3w2020-06-25yLFDSZPréstamo en sala c20401d20401